Vital forms (Record no. 858)

MARC details
000 -CABECERA
campo de control de longitud fija 01016nam a2200253 a 4500
001 - NÚMERO DE CONTROL
campo de control BRCA_972
005 - FECHA Y HORA DE LA ÚLTIMA TRANSACCIÓN
campo de control 20190320203228.0
008 - DATOS DE LONGITUD FIJA--INFORMACIÓN GENERAL
campo de control de longitud fija 010409s2001 nyua---##b---#001-0#eng-#
020 ## - NÚMERO INTERNACIONAL ESTÁNDAR DEL LIBRO
Número Internacional Estándar del Libro 0810906198
020 ## - NÚMERO INTERNACIONAL ESTÁNDAR DEL LIBRO
Número Internacional Estándar del Libro 0872731456
040 ## - FUENTE DE LA CATALOGACIÓN
Centro catalogador/agencia de origen DLC
Centro/agencia transcriptor DLC
Centro/agencia modificador DLC
050 #4 - SIGNATURA TOPOGRÁFICA DE LA BIBLIOTECA DEL CONGRESO
Número de clasificación N6512
Número de documento/Ítem .R35 2001
100 1# - ENTRADA PRINCIPAL--NOMBRE DE PERSONA
Nombre de persona Rapaport, Brooke Kamin
9 (RLIN) 3209
245 10 - MENCIÓN DE TÍTULO
Título Vital forms
Resto del título American art and design in the atomic age : 1940-1960
Mención de responsabilidad, etc. Brooke Kamin Rapaport, Kevin L. Stayton with contributions by Paul Boyer ... [et al.].
260 ## - PUBLICACIÓN, DISTRIBUCIÓN, ETC.
Lugar de publicación, distribución, etc. Nueva York
Nombre del editor, distribuidor, etc. Brooklyn Museum of Art : Harry N. Abrams
Fecha de publicación, distribución, etc. 2001
300 ## - DESCRIPCIÓN FÍSICA
Extensión 256 p.
Otras características físicas il. (algunas a color)
Dimensiones 28 cm.
500 ## - NOTA GENERAL
Nota general Catálogo de la exposición realizada en el Brooklyn Museum of Art (New York), 12 octubre, 2001 - 29 junio, 2003
500 ## - NOTA GENERAL
Nota general Incluye índice alfabético e índice de ilustraciones
504 ## - NOTA DE BIBLIOGRAFÍA, ETC.
Nota de bibliografía, etc. Bibliografía : p. 246-247
650 14 - PUNTO DE ACCESO ADICIONAL DE MATERIA--TÉRMINO DE MATERIA
Término de materia o nombre geográfico como elemento de entrada Arte americano
Subdivisión de forma Exposiciones
Subdivisión cronológica Siglo XX
9 (RLIN) 3210
700 1# - PUNTO DE ACCESO ADICIONAL--NOMBRE DE PERSONA
Nombre de persona Stayton, Kevin L
9 (RLIN) 3211
700 1# - PUNTO DE ACCESO ADICIONAL--NOMBRE DE PERSONA
Nombre de persona Boyer, Paul
9 (RLIN) 3212
942 ## - ELEMENTOS DE PUNTO DE ACCESO ADICIONAL (KOHA)
Fuente del sistema de clasificación o colocación Library of Congress Classification
Tipo de ítem Koha Libros
Holdings
Estado de retiro Estado de pérdida Estado dañado No para préstamo Localización permanente Ubicación/localización actual Fecha de adquisición Total de préstamos Signatura topográfica completa Código de barras Fecha visto por última vez Precio válido a partir de Tipo de ítem Koha
El ejemplar forma parte de la colección y puede ser consultado según las políticas vigentes.       Biblioteca del Museo Franz Mayer (Rogerio Casas-Alatriste) Biblioteca del Museo Franz Mayer (Rogerio Casas-Alatriste) 26/06/2008   N6512 .R35 2001 01461 22/03/2019 22/03/2019 Libros